000
00249nam a2200109Ia 4500
008
190216s9999||||xx |||||||||||||| ||und||
100
_a
Harold Norcross
245
0
_a
Dynamic Business Management
260
_b
Null
_c
1963
300
_a
150p
942
_c
BK
999
_c
4636
_d
4636